[Event "Campeonatos de Espana Universitarios 20"]
[Site "Universidad de Alicante, Spai"]
[Date "2019.04.11"]
[Round "9.3"]
[White "Gimenez Menchon, Cesar"]
[Black "Gomez Dieguez, David"]
[Result "0-1"]
[WhiteElo "2249"]
[BlackElo "2319"]
[PlyCount "72"]
[EventDate "2019.??.??"]

1. e4 {[%clk 00:40:06]  [%emt 00:00:05]} 1... e5 {
[%clk 00:40:08]  [%emt 00:00:07]} 2. Nf3 {[%clk 00:40:08]} 2... Nc6 {
[%clk 00:40:12]} 3. d4 {[%clk 00:40:08]  [%emt 00:00:05]} 3... exd4 {
[%clk 00:40:14]  [%emt 00:00:03]} 4. Bc4 {[%clk 00:40:10]  [%emt 00:00:07]}
4... Nf6 {[%clk 00:40:18]} 5. e5 {[%clk 00:40:12]  [%emt 00:00:03]} 5... d5 {
[%clk 00:40:21]} 6. Bb5 {[%clk 00:40:14]} 6... Ne4 {
[%clk 00:40:24]  [%emt 00:00:04]} 7. Nxd4 {[%clk 00:40:16]  [%emt 00:00:03]}
7... Bc5 {[%clk 00:40:27]  [%emt 00:00:04]} 8. Be3 {
[%clk 00:40:16]  [%emt 00:00:03]} 8... O-O {[%clk 00:40:28]  [%emt 00:00:07]}
9. Nxc6 {[%clk 00:35:09]  [%emt 00:05:03]} 9... bxc6 {
[%clk 00:40:31]  [%emt 00:00:40]} 10. Bxc5 {[%clk 00:34:44]  [%emt 00:00:04]}
10... Nxc5 {[%clk 00:40:34]} 11. Bxc6 {[%clk 00:34:46]  [%emt 00:00:03]} 11...
Rb8 {[%clk 00:40:38]} 12. Qxd5 {[%clk 00:29:23]  [%emt 00:05:23]} 12... Qe7 {
[%clk 00:40:42]  [%emt 00:00:03]} 13. O-O {[%clk 00:27:30]  [%emt 00:01:53]}
13... Rxb2 {[%clk 00:40:45]  [%emt 00:00:38]} 14. Na3 {
[%clk 00:22:24]  [%emt 00:04:37]} 14... Be6 {[%clk 00:37:43]  [%emt 00:03:07]}
15. Qf3 {[%clk 00:22:05]  [%emt 00:00:23]} 15... Rxa2 {
[%clk 00:37:25]  [%emt 00:00:38]} 16. Rxa2 {[%clk 00:18:08]  [%emt 00:03:47]}
16... Bxa2 {[%clk 00:37:28]  [%emt 00:00:10]} 17. Qc3 {
[%clk 00:17:46]  [%emt 00:00:22]} 17... Rd8 {[%clk 00:32:15]  [%emt 00:05:15]}
18. f4 {[%clk 00:17:29]  [%emt 00:00:23]} 18... Ne6 {
[%clk 00:30:01]  [%emt 00:02:43]} 19. f5 {[%clk 00:15:03]  [%emt 00:02:06]}
19... Nd4 {[%clk 00:25:55]  [%emt 00:04:11]} 20. Qb2 {
[%clk 00:10:54]  [%emt 00:04:28]} 20... Qxe5 {[%clk 00:21:40]  [%emt 00:04:09]}
21. Qxa2 {[%clk 00:10:21]  [%emt 00:00:40]} 21... Nxc6 {[%clk 00:21:43]} 22. f6
{[%clk 00:10:00]  [%emt 00:00:31]} 22... Qd4+ {[%clk 00:17:54]  [%emt 00:03:47]
} 23. Kh1 {[%clk 00:10:00]  [%emt 00:00:32]} 23... Qxf6 {[%clk 00:17:56]} 24.
Rb1 {[%clk 00:06:29]  [%emt 00:03:11]} 24... Nb4 {
[%clk 00:13:40]  [%emt 00:04:21]} 25. Qc4 {[%clk 00:06:17]  [%emt 00:00:17]}
25... Nd5 {[%clk 00:11:25]  [%emt 00:02:26]} 26. h3 {
[%clk 00:05:38]  [%emt 00:00:53]} 26... h6 {[%clk 00:11:21]} 27. Nb5 {
[%clk 00:05:16]  [%emt 00:00:20]} 27... Ne3 {[%clk 00:09:02]  [%emt 00:02:27]}
28. Qxc7 {[%clk 00:03:23]  [%emt 00:01:56]} 28... Nxg2 {
[%clk 00:08:03]  [%emt 00:01:04]} 29. Nxa7 {[%clk 00:02:11]  [%emt 00:01:35]}
29... Ne3 {[%clk 00:04:44]  [%emt 00:03:04]} 30. Qg3 {
[%clk 00:00:38]  [%emt 00:01:38]} 30... Qd4 {[%clk 00:03:33]  [%emt 00:01:17]}
31. Nc6 {[%clk 00:00:16]  [%emt 00:00:28]} 31... Qe4+ {
[%clk 00:03:19]  [%emt 00:00:27]} 32. Kg1 {[%clk 00:00:19]} 32... Rd2 {
[%clk 00:02:46]  [%emt 00:00:30]} 33. Rb8+ {[%clk 00:00:17]  [%emt 00:00:10]}
33... Kh7 {[%clk 00:02:49]  [%emt 00:00:04]} 34. Rb4 {
[%clk 00:00:14]  [%emt 00:00:07]} 34... Rg2+ {[%clk 00:02:46]  [%emt 00:00:10]}
35. Kh1 {[%clk 00:00:17]  [%emt 00:00:04]} 35... Qxc6 {
[%clk 00:02:26]  [%emt 00:00:18]} 36. Qxe3 {[%clk 00:00:14]  [%emt 00:00:22]}
36... Rg4+ {[%clk 00:02:09]  [%emt 00:00:11]} 0-1

[Event "Campeonatos de Espana Universitarios 20"]
[Site "Universidad de Alicante, Spai"]
[Date "2019.04.11"]
[Round "9.4"]
[White "Bayo Milagro, Alvaro"]
[Black "Rodriguez Perez, Angel Mariano"]
[Result "1-0"]
[WhiteElo "2333"]
[BlackElo "2223"]
[PlyCount "59"]
[EventDate "2019.??.??"]

1. e4 {[%clk 00:39:54]} 1... c5 {[%clk 00:40:09]  [%emt 00:00:04]} 2. c3 {
[%clk 00:39:58]} 2... g6 {[%clk 00:40:06]  [%emt 00:00:06]} 3. d4 {
[%clk 00:39:59]  [%emt 00:00:04]} 3... Bg7 {[%clk 00:39:50]  [%emt 00:00:50]}
4. dxc5 {[%clk 00:39:24]  [%emt 00:00:22]} 4... Qc7 {
[%clk 00:39:39]  [%emt 00:00:06]} 5. Be3 {[%clk 00:39:27]  [%emt 00:00:03]}
5... Na6 {[%clk 00:39:08]  [%emt 00:00:35]} 6. Bxa6 {
[%clk 00:38:03]  [%emt 00:01:29]} 6... bxa6 {[%clk 00:39:11]  [%emt 00:00:07]}
7. Nd2 {[%clk 00:38:02]} 7... Bb7 {[%clk 00:38:44]  [%emt 00:00:29]} 8. Ne2 {
[%clk 00:37:38]  [%emt 00:00:34]} 8... f5 {[%clk 00:38:05]  [%emt 00:00:42]} 9.
Qc2 {[%clk 00:35:37]  [%emt 00:02:03]} 9... Nf6 {
[%clk 00:37:59]  [%emt 00:00:13]} 10. exf5 {[%clk 00:35:07]  [%emt 00:00:32]}
10... Ng4 {[%clk 00:33:31]  [%emt 00:04:34]} 11. Bd4 {
[%clk 00:33:47]  [%emt 00:01:28]} 11... Bxd4 {[%clk 00:33:33]  [%emt 00:00:20]}
12. cxd4 {[%clk 00:33:41]  [%emt 00:00:04]} 12... Bxg2 {
[%clk 00:33:06]  [%emt 00:00:21]} 13. Rg1 {[%clk 00:33:43]  [%emt 00:00:04]}
13... Qxh2 {[%clk 00:32:23]  [%emt 00:00:44]} 14. O-O-O {
[%clk 00:32:11]  [%emt 00:01:36]} 14... Nxf2 {[%emt 00:01:41]} 15. Rde1 {
[%clk 00:32:09]  [%emt 00:00:03]} 15... Nh3 {[%clk 00:29:29]  [%emt 00:01:29]}
16. fxg6 {[%clk 00:31:08]  [%emt 00:01:05]} 16... Nxg1 {
[%clk 00:29:24]  [%emt 00:00:12]} 17. Rxg1 {[%clk 00:30:19]  [%emt 00:00:52]}
17... Bd5 {[%clk 00:28:28]  [%emt 00:01:00]} 18. Qf5 {
[%clk 00:27:33]  [%emt 00:02:53]} 18... Be6 {[%clk 00:23:13]  [%emt 00:05:20]}
19. Qf3 {[%clk 00:25:54]  [%emt 00:01:43]} 19... Rc8 {
[%clk 00:19:50]  [%emt 00:03:53]} 20. g7 {[%clk 00:25:13]  [%emt 00:00:45]}
20... Rg8 {[%clk 00:19:37]  [%emt 00:00:04]} 21. Rh1 {
[%clk 00:24:11]  [%emt 00:00:58]} 21... Qc7 {[%clk 00:19:20]  [%emt 00:00:21]}
22. Rxh7 {[%clk 00:24:06]  [%emt 00:00:11]} 22... Qc6 {
[%clk 00:18:54]  [%emt 00:00:29]} 23. Ne4 {[%clk 00:23:08]  [%emt 00:01:03]}
23... Qd5 {[%clk 00:18:19]  [%emt 00:00:41]} 24. Rh8 {
[%clk 00:21:48]  [%emt 00:01:27]} 24... Kd8 {[%clk 00:17:23]  [%emt 00:00:54]}
25. Nf4 {[%clk 00:21:22]  [%emt 00:00:38]} 25... Qc4+ {
[%clk 00:16:42]  [%emt 00:00:45]} 26. Nc3 {[%clk 00:21:21]  [%emt 00:00:06]}
26... Kc7 {[%clk 00:16:23]  [%emt 00:00:22]} 27. Nxe6+ {
[%clk 00:18:38]  [%emt 00:03:13]} 27... Qxe6 {[%clk 00:15:53]  [%emt 00:00:11]}
28. Nd5+ {[%clk 00:18:37]  [%emt 00:00:32]} 28... Kb8 {
[%clk 00:15:38]  [%emt 00:00:03]} 29. Qb3+ {[%clk 00:18:34]  [%emt 00:00:03]}
29... Ka8 {[%clk 00:15:28]  [%emt 00:00:11]} 30. Nc7+ {
[%clk 00:18:37]  [%emt 00:00:11]} 1-0

[Event "Campeonatos de Espana Universitarios 20"]
[Site "Universidad de Alicante, Spai"]
[Date "2019.04.11"]
[Round "9.5"]
[White "Garcia Garcia, Adrian Antonio"]
[Black "Buendia Pinar, Alvaro"]
[Result "0-1"]
[WhiteElo "2189"]
[BlackElo "2256"]
[PlyCount "140"]
[EventDate "2019.??.??"]

1. e4 {[%clk 00:40:09]} 1... c5 {[%clk 00:40:08]} 2. Nc3 {
[%clk 00:40:12]  [%emt 00:00:04]} 2... Nc6 {[%clk 00:40:11]  [%emt 00:00:05]}
3. g3 {[%clk 00:40:16]} 3... g6 {[%clk 00:40:12]} 4. Bg2 {
[%clk 00:40:20]  [%emt 00:00:08]} 4... Bg7 {[%clk 00:40:16]} 5. f4 {
[%clk 00:40:23]} 5... d6 {[%clk 00:40:18]} 6. d3 {
[%clk 00:40:24]  [%emt 00:00:05]} 6... e6 {[%clk 00:40:22]  [%emt 00:00:05]} 7.
Nf3 {[%clk 00:40:24]} 7... Nge7 {[%clk 00:40:25]} 8. O-O {
[%clk 00:40:21]  [%emt 00:00:13]} 8... O-O {[%clk 00:40:28]} 9. Be3 {
[%clk 00:40:15]  [%emt 00:00:09]} 9... Nd4 {[%clk 00:39:55]  [%emt 00:01:13]}
10. Bxd4 {[%clk 00:39:10]  [%emt 00:00:35]} 10... cxd4 {[%clk 00:39:59]} 11.
Ne2 {[%clk 00:39:11]  [%emt 00:00:06]} 11... Nc6 {
[%clk 00:39:57]  [%emt 00:00:08]} 12. g4 {[%clk 00:39:08]  [%emt 00:00:06]}
12... f5 {[%clk 00:39:45]  [%emt 00:00:52]} 13. gxf5 {[%emt 00:00:14]} 13...
exf5 {[%clk 00:39:30]} 14. Kh1 {[%clk 00:35:05]  [%emt 00:04:05]} 14... Kh8 {
[%clk 00:37:43]  [%emt 00:01:31]} 15. Qd2 {[%clk 00:30:33]  [%emt 00:04:37]}
15... Bd7 {[%clk 00:35:35]  [%emt 00:02:12]} 16. Rae1 {
[%clk 00:29:59]  [%emt 00:00:40]} 16... Qf6 {[%clk 00:35:39]} 17. Ng3 {
[%clk 00:25:17]  [%emt 00:04:47]} 17... Rae8 {[%clk 00:33:47]  [%emt 00:02:01]}
18. exf5 {[%clk 00:25:07]  [%emt 00:00:11]} 18... Rxe1 {
[%clk 00:33:15]  [%emt 00:00:42]} 19. Rxe1 {[%clk 00:23:19]  [%emt 00:01:48]}
19... Bxf5 {[%clk 00:33:16]  [%emt 00:00:04]} 20. Ng5 {
[%clk 00:20:35]  [%emt 00:02:49]} 20... Bh6 {[%clk 00:23:06]  [%emt 00:10:15]}
21. a3 {[%clk 00:16:33]  [%emt 00:04:07]} 21... Bd7 {
[%clk 00:21:51]  [%emt 00:01:21]} 22. Rf1 {[%clk 00:15:46]  [%emt 00:00:51]}
22... Bg7 {[%clk 00:16:12]  [%emt 00:05:44]} 23. N3e4 {
[%clk 00:13:22]  [%emt 00:02:29]} 23... Qe7 {[%clk 00:16:04]  [%emt 00:00:13]}
24. Qf2 {[%clk 00:10:56]  [%emt 00:02:36]} 24... h6 {
[%clk 00:13:36]  [%emt 00:02:33]} 25. Qh4 {[%clk 00:07:36]  [%emt 00:03:23]}
25... Nd8 {[%clk 00:12:08]  [%emt 00:01:33]} 26. Nf3 {
[%clk 00:07:29]  [%emt 00:00:10]} 26... Qf7 {[%clk 00:10:31]  [%emt 00:01:42]}
27. Nxd6 {[%clk 00:05:51]  [%emt 00:01:42]} 27... Qxf4 {
[%clk 00:10:27]  [%emt 00:00:09]} 28. Qxf4 {[%clk 00:05:27]  [%emt 00:00:30]}
28... Rxf4 {[%clk 00:10:31]} 29. Nd2 {[%clk 00:05:14]  [%emt 00:00:18]} 29...
Rxf1+ {[%clk 00:09:23]  [%emt 00:01:13]} 30. Nxf1 {[%clk 00:05:17]} 30... b6 {
[%clk 00:09:21]  [%emt 00:00:11]} 31. Be4 {[%clk 00:04:45]  [%emt 00:00:34]}
31... Bf8 {[%clk 00:08:32]  [%emt 00:00:54]} 32. Nc4 {
[%clk 00:04:44]  [%emt 00:00:11]} 32... Kg7 {[%clk 00:08:28]  [%emt 00:00:06]}
33. Ne5 {[%clk 00:04:12]  [%emt 00:00:37]} 33... Be8 {[%clk 00:08:32]} 34. Nd2
{[%clk 00:04:01]  [%emt 00:00:17]} 34... Kf6 {[%clk 00:07:58]  [%emt 00:00:38]}
35. Nef3 {[%clk 00:04:04]} 35... Ne6 {[%clk 00:07:43]  [%emt 00:00:21]} 36. Nb3
{[%clk 00:04:08]} 36... Bc5 {[%clk 00:07:27]  [%emt 00:00:23]} 37. Nxc5 {
[%clk 00:03:46]  [%emt 00:00:27]} 37... bxc5 {[%clk 00:07:29]  [%emt 00:00:07]}
38. Kg2 {[%clk 00:03:03]  [%emt 00:00:43]} 38... g5 {
[%clk 00:06:42]  [%emt 00:00:52]} 39. h3 {[%clk 00:02:52]  [%emt 00:00:17]}
39... Nf4+ {[%clk 00:06:28]  [%emt 00:00:19]} 40. Kg3 {[%clk 00:02:55]} 40...
Bd7 {[%clk 00:06:29]  [%emt 00:00:11]} 41. h4 {[%clk 00:02:11]  [%emt 00:00:44]
} 41... Nh5+ {[%clk 00:06:33]} 42. Kf2 {[%clk 00:02:15]} 42... g4 {
[%clk 00:06:06]  [%emt 00:00:39]} 43. Nd2 {[%clk 00:02:20]} 43... Ke5 {
[%clk 00:05:30]  [%emt 00:00:36]} 44. Nb3 {[%clk 00:01:45]  [%emt 00:00:39]}
44... Kd6 {[%clk 00:03:50]  [%emt 00:01:45]} 45. Nd2 {[%clk 00:01:49]} 45...
Ke5 {[%clk 00:03:52]  [%emt 00:00:09]} 46. Nb3 {[%clk 00:01:54]} 46... Kd6 {
[%clk 00:01:46]  [%emt 00:02:08]} 47. Nd2 {[%clk 00:01:57]} 47... Be6 {
[%clk 00:01:13]  [%emt 00:00:39]} 48. Bg6 {[%clk 00:01:51]  [%emt 00:00:10]}
48... Nf4 {[%clk 00:01:12]  [%emt 00:00:07]} 49. Be4 {
[%clk 00:01:46]  [%emt 00:00:09]} 49... Ke5 {[%clk 00:00:58]  [%emt 00:00:19]}
50. Bb7 {[%clk 00:01:27]  [%emt 00:00:25]} 50... Ng6 {
[%clk 00:00:45]  [%emt 00:00:18]} 51. Kg3 {[%clk 00:01:30]  [%emt 00:00:06]}
51... Ne7 {[%clk 00:00:45]  [%emt 00:00:04]} 52. Be4 {
[%clk 00:01:24]  [%emt 00:00:08]} 52... h5 {[%clk 00:00:36]  [%emt 00:00:13]}
53. Nf1 {[%clk 00:01:17]  [%emt 00:00:13]} 53... c4 {
[%clk 00:00:31]  [%emt 00:00:11]} 54. Nd2 {[%clk 00:01:15]  [%emt 00:00:06]}
54... cxd3 55. cxd3 {[%clk 00:01:19]} 55... Nf5+ {
[%clk 00:00:24]  [%emt 00:00:09]} 56. Bxf5 {[%clk 00:00:22]  [%emt 00:01:03]}
56... Bxf5 {[%clk 00:00:28]} 57. b4 {[%clk 00:00:21]  [%emt 00:00:07]} 57...
Bxd3 {[%clk 00:00:31]  [%emt 00:00:04]} 58. a4 {[%clk 00:00:26]} 58... Bf5 {
[%clk 00:00:28]  [%emt 00:00:06]} 59. b5 {[%clk 00:00:24]  [%emt 00:00:06]}
59... Bd7 {[%clk 00:00:26]  [%emt 00:00:06]} 60. Nb3 {
[%clk 00:00:20]  [%emt 00:00:08]} 60... Kd5 {[%clk 00:00:23]  [%emt 00:00:08]}
61. Nd2 {[%clk 00:00:24]} 61... d3 {[%clk 00:00:26]  [%emt 00:00:06]} 62. Kf4 {
[%clk 00:00:24]  [%emt 00:00:06]} 62... Kd4 {[%clk 00:00:29]} 63. Ne4 {
[%clk 00:00:24]  [%emt 00:00:05]} 63... Be8 {[%emt 00:00:12]} 64. Nd2 {
[%clk 00:00:22]  [%emt 00:00:08]} 64... Kc3 {[%clk 00:00:20]  [%emt 00:00:04]}
65. Ne4+ {[%clk 00:00:26]} 65... Kc2 {[%clk 00:00:23]  [%emt 00:00:06]} 66. Ke3
{[%clk 00:00:29]  [%emt 00:00:04]} 66... Bg6 {[%clk 00:00:22]  [%emt 00:00:05]}
67. Nd2 {[%clk 00:00:22]  [%emt 00:00:08]} 67... g3 {[%emt 00:00:11]} 68. a5 g2
{[%clk 00:00:25]} 69. Nf3 {[%clk 00:00:31]} 69... d2 {
[%clk 00:00:25]  [%emt 00:00:05]} 70. Nd4+ {[%clk 00:00:30]  [%emt 00:00:05]}
70... Kb2 {[%clk 00:00:19]  [%emt 00:00:10]} 0-1

[Event "Campeonatos de Espana Universitarios 20"]
[Site "Universidad de Alicante, Spai"]
[Date "2019.04.11"]
[Round "9.6"]
[White "Villasenor Rubio, Emilio Jose"]
[Black "Valdepenas Octavio, Javier"]
[Result "1-0"]
[WhiteElo "2224"]
[BlackElo "2123"]
[PlyCount "95"]
[EventDate "2019.??.??"]

1. Nf3 {[%clk 00:40:03]  [%emt 00:00:10]} 1... g6 {
[%clk 00:39:40]  [%emt 00:00:27]} 2. g3 {[%clk 00:40:06]  [%emt 00:00:25]} 2...
Bg7 {[%clk 00:39:43]} 3. Bg2 {[%clk 00:40:10]} 3... e5 {[%clk 00:39:44]} 4. O-O
{[%clk 00:39:58]  [%emt 00:00:09]} 4... Nc6 {[%clk 00:39:38]  [%emt 00:00:08]}
5. e4 {[%clk 00:39:55]  [%emt 00:00:06]} 5... Nge7 {
[%clk 00:39:33]  [%emt 00:00:08]} 6. d3 {[%clk 00:38:48]  [%emt 00:01:21]} 6...
O-O {[%clk 00:39:27]  [%emt 00:00:08]} 7. Nc3 {[%clk 00:38:52]  [%emt 00:00:04]
} 7... d5 {[%clk 00:39:07]  [%emt 00:00:15]} 8. exd5 {
[%clk 00:38:15]  [%emt 00:00:42]} 8... Nxd5 {[%clk 00:39:09]  [%emt 00:00:37]}
9. Nxd5 {[%clk 00:38:12]} 9... Qxd5 {[%clk 00:39:12]  [%emt 00:00:04]} 10. Re1
{[%clk 00:38:07]} 10... Qd8 {[%clk 00:33:20]  [%emt 00:05:41]} 11. Bd2 {
[%clk 00:33:44]  [%emt 00:04:26]} 11... Re8 {[%clk 00:31:15]  [%emt 00:02:10]}
12. Bc3 {[%clk 00:33:11]  [%emt 00:00:42]} 12... Nd4 {
[%clk 00:30:07]  [%emt 00:01:10]} 13. Nxd4 {[%clk 00:26:33]  [%emt 00:06:43]}
13... exd4 {[%clk 00:29:57]  [%emt 00:00:14]} 14. Rxe8+ {
[%clk 00:26:36]  [%emt 00:00:17]} 14... Qxe8 {[%clk 00:29:58]} 15. Bd2 {
[%clk 00:26:38]} 15... Be6 {[%clk 00:28:35]  [%emt 00:01:19]} 16. b3 {
[%clk 00:23:45]  [%emt 00:03:23]} 16... c6 {[%clk 00:26:38]  [%emt 00:01:37]}
17. Bf4 {[%clk 00:23:26]  [%emt 00:00:24]} 17... Qd7 {
[%clk 00:26:17]  [%emt 00:00:26]} 18. Qd2 {[%clk 00:23:30]  [%emt 00:00:30]}
18... Bd5 {[%clk 00:21:21]  [%emt 00:04:32]} 19. Bxd5 {
[%clk 00:22:46]  [%emt 00:00:49]} 19... Qxd5 {[%clk 00:21:19]  [%emt 00:00:14]}
20. Re1 {[%clk 00:22:04]  [%emt 00:00:39]} 20... a5 {
[%clk 00:20:08]  [%emt 00:01:17]} 21. Re7 {[%clk 00:17:07]  [%emt 00:05:02]}
21... b5 {[%clk 00:16:10]  [%emt 00:04:04]} 22. Qe2 {
[%clk 00:16:17]  [%emt 00:00:56]} 22... h5 {[%clk 00:15:45]  [%emt 00:00:27]}
23. Qe4 {[%clk 00:12:32]  [%emt 00:03:54]} 23... Qxe4 {
[%clk 00:14:29]  [%emt 00:01:24]} 24. dxe4 {[%clk 00:12:22]  [%emt 00:00:12]}
24... Bf8 {[%clk 00:11:33]  [%emt 00:02:58]} 25. Rc7 {
[%clk 00:08:57]  [%emt 00:03:34]} 25... c5 {[%clk 00:11:29]  [%emt 00:00:05]}
26. Kf1 {[%clk 00:09:01]  [%emt 00:00:17]} 26... a4 {
[%clk 00:07:14]  [%emt 00:04:22]} 27. Ke2 {[%clk 00:08:41]  [%emt 00:00:07]}
27... axb3 {[%clk 00:06:54]  [%emt 00:00:31]} 28. axb3 {[%clk 00:08:45]} 28...
h4 {[%clk 00:04:56]  [%emt 00:02:00]} 29. Rb7 {[%clk 00:08:40]  [%emt 00:00:08]
} 29... Ra2 {[%clk 00:04:14]  [%emt 00:00:47]} 30. Kd1 {
[%clk 00:03:26]  [%emt 00:05:18]} 30... h3 {[%clk 00:03:35]  [%emt 00:00:48]}
31. g4 {[%clk 00:02:03]  [%emt 00:01:26]} 31... d3 {
[%clk 00:02:23]  [%emt 00:01:20]} 32. cxd3 {[%clk 00:02:07]  [%emt 00:00:04]}
32... Rxf2 {[%clk 00:02:25]} 33. Be5 {[%clk 00:02:05]  [%emt 00:00:38]} 33...
f6 {[%clk 00:02:04]  [%emt 00:00:03]} 34. Bb8 {[%clk 00:01:56]  [%emt 00:00:06]
} 34... b4 {[%clk 00:02:00]  [%emt 00:00:06]} 35. g5 {
[%clk 00:01:31]  [%emt 00:00:32]} 35... fxg5 {[%clk 00:01:54]  [%emt 00:00:09]}
36. Be5 {[%clk 00:01:35]  [%emt 00:00:18]} 36... g4 {
[%clk 00:01:42]  [%emt 00:00:08]} 37. Ke1 {[%clk 00:01:28]  [%emt 00:00:06]}
37... Rg2 {[%clk 00:01:31]  [%emt 00:00:13]} 38. Ra7 {
[%clk 00:01:15]  [%emt 00:00:38]} 38... Bh6 {[%clk 00:01:28]} 39. Kf1 {
[%clk 00:00:54]  [%emt 00:00:14]} 39... Be3 {[%clk 00:01:18]  [%emt 00:00:15]}
40. Rg7+ {[%clk 00:00:54]  [%emt 00:00:34]} 40... Kf8 {[%clk 00:01:21]} 41.
Rxg6 {[%clk 00:00:55]  [%emt 00:00:04]} 41... Kf7 {[%clk 00:01:07]} 42. Rf6+ {
[%clk 00:00:46]  [%emt 00:00:07]} 42... Ke7 {[%clk 00:01:10]  [%emt 00:00:13]}
43. Rg6 {[%clk 00:00:50]} 43... Bg1 {[%clk 00:01:02]  [%emt 00:00:05]} 44. Bf4
{[%clk 00:00:34]  [%emt 00:00:19]} 44... Kf7 {[%clk 00:00:47]  [%emt 00:00:25]}
45. Rg5 {[%clk 00:00:33]  [%emt 00:00:10]} 45... Kf6 {
[%clk 00:00:37]  [%emt 00:00:07]} 46. e5+ {[%clk 00:00:38]} 46... Ke6 {
[%clk 00:00:39]  [%emt 00:00:09]} 47. Rg6+ {[%clk 00:00:40]  [%emt 00:00:04]}
47... Kf5 {[%clk 00:00:32]  [%emt 00:00:07]} 48. Rf6# {[%emt 00:00:14]} 1-0

[Event "Campeonatos de Espana Universitarios 20"]
[Site "Universidad de Alicante, Spai"]
[Date "2019.04.11"]
[Round "9.7"]
[White "Silva Rodriguez, Fernando"]
[Black "Cruz Lledo, Pablo"]
[Result "0-1"]
[WhiteElo "2260"]
[BlackElo "2436"]
[PlyCount "64"]
[EventDate "2019.??.??"]

1. e4 {[%clk 00:40:06]} 1... e5 {[%clk 00:40:05]  [%emt 00:00:07]} 2. Nf3 {
[%clk 00:39:59]  [%emt 00:00:31]} 2... Qe7 {[%clk 00:40:08]  [%emt 00:00:04]}
3. Bc4 {[%clk 00:39:40]  [%emt 00:00:03]} 3... d6 {
[%clk 00:39:07]  [%emt 00:01:02]} 4. Nc3 {[%clk 00:38:42]  [%emt 00:01:04]}
4... c6 {[%clk 00:39:10]  [%emt 00:00:22]} 5. d3 {
[%clk 00:37:36]  [%emt 00:00:52]} 5... h6 {[%clk 00:39:04]  [%emt 00:00:09]} 6.
O-O {[%clk 00:33:47]  [%emt 00:03:53]} 6... Nf6 {
[%clk 00:39:03]  [%emt 00:00:33]} 7. Be3 {[%clk 00:30:28]  [%emt 00:02:56]}
7... Be6 {[%clk 00:38:13]  [%emt 00:01:12]} 8. Bb3 {[%clk 00:30:31]} 8... Bg4 {
[%clk 00:36:49]  [%emt 00:01:15]} 9. h3 {[%clk 00:29:33]  [%emt 00:01:03]} 9...
Bxf3 {[%clk 00:36:41]  [%emt 00:00:16]} 10. Qxf3 {
[%clk 00:29:34]  [%emt 00:00:04]} 10... Nbd7 {[%clk 00:36:30]  [%emt 00:00:22]}
11. Ne2 {[%clk 00:29:12]  [%emt 00:00:25]} 11... g6 {
[%clk 00:36:15]  [%emt 00:00:22]} 12. Ng3 {[%clk 00:28:36]  [%emt 00:00:31]}
12... Bg7 {[%clk 00:36:02]  [%emt 00:00:36]} 13. c3 {
[%clk 00:27:25]  [%emt 00:01:03]} 13... Nc5 {[%clk 00:35:14]  [%emt 00:00:50]}
14. Bc2 {[%clk 00:27:24]  [%emt 00:00:18]} 14... O-O {
[%clk 00:34:59]  [%emt 00:00:10]} 15. d4 {[%clk 00:26:54]  [%emt 00:00:46]}
15... Ne6 {[%clk 00:34:50]  [%emt 00:00:06]} 16. dxe5 {
[%clk 00:26:09]  [%emt 00:00:43]} 16... dxe5 {[%clk 00:34:46]  [%emt 00:00:14]}
17. a4 {[%clk 00:25:52]  [%emt 00:00:21]} 17... a5 {
[%clk 00:33:15]  [%emt 00:01:36]} 18. Rfd1 {[%clk 00:25:01]  [%emt 00:01:00]}
18... b5 {[%clk 00:29:44]  [%emt 00:03:34]} 19. axb5 {
[%clk 00:24:05]  [%emt 00:00:57]} 19... cxb5 {[%clk 00:29:48]  [%emt 00:00:32]}
20. Bb3 {[%clk 00:22:54]  [%emt 00:00:47]} 20... Nc5 {
[%clk 00:25:22]  [%emt 00:04:31]} 21. Bd5 {[%clk 00:22:31]  [%emt 00:00:41]}
21... Nxd5 {[%clk 00:24:59]  [%emt 00:00:16]} 22. Rxd5 {
[%clk 00:22:32]  [%emt 00:00:07]} 22... Rfc8 {[%clk 00:25:01]} 23. Qe2 {
[%clk 00:21:13]  [%emt 00:01:25]} 23... Nb3 {[%clk 00:20:12]  [%emt 00:04:53]}
24. Ra3 {[%clk 00:21:12]  [%emt 00:00:30]} 24... Rxc3 {
[%clk 00:19:30]  [%emt 00:00:21]} 25. Qxb5 {[%clk 00:16:17]  [%emt 00:05:00]}
25... Nd4 {[%clk 00:18:40]  [%emt 00:00:56]} 26. Qa4 {
[%clk 00:15:27]  [%emt 00:00:54]} 26... Rxa3 {[%clk 00:16:47]  [%emt 00:01:59]}
27. bxa3 {[%clk 00:15:29]  [%emt 00:00:41]} 27... Qc7 {
[%clk 00:16:34]  [%emt 00:00:11]} 28. Bd2 {[%clk 00:11:55]  [%emt 00:03:12]}
28... h5 {[%clk 00:14:25]  [%emt 00:02:11]} 29. Rxa5 {
[%clk 00:10:28]  [%emt 00:01:33]} 29... Rxa5 {[%clk 00:14:08]  [%emt 00:00:20]}
30. Qxa5 {[%clk 00:09:27]  [%emt 00:01:05]} 30... Qc2 {
[%clk 00:14:11]  [%emt 00:00:26]} 31. Qd8+ {[%clk 00:06:04]  [%emt 00:03:07]}
31... Kh7 {[%clk 00:14:10]  [%emt 00:00:07]} 32. Be3 {
[%clk 00:06:01]  [%emt 00:00:05]} 32... Qd1+ {[%clk 00:14:02]  [%emt 00:00:17]}
0-1